| 000 | 00831cam a22001935a 4500 | ||
|---|---|---|---|
| 001 | Ll151095 | ||
| 008 | 100929s2010 xxk f 000 0 eng d | ||
| 035 | _a(Sirsi) u151095 | ||
| 041 | 0 | _aeng | |
| 050 | 0 | 4 | _a306.1 $2 18 |
| 100 | 1 | _aWhitehead, Christine | |
| 245 | 0 |
_aShared ownership and shared equity _breducing the risks of home ownership _h[electronic resource] |
|
| 260 |
_aYork _bJoseph Rowntree Foundation _c2010 |
||
| 520 | _aShared ownership and shared equity schemes are ways of increasing homeownership by reducing initial entry costs and allowing households to become owner-occupiers in a sustainable way. | ||
| 590 | _aKA | ||
| 651 | 4 | _aENGLAND AND WALES | |
| 856 | 4 | 0 |
_uhttps://www.jrf.org.uk/sites/files/jrf/homeownership-risk-reduction-summary.pdf _zView this item free of charge at www.jrf.org.uk |
| 942 | _n0 | ||
| 999 |
_c111148 _d111148 |
||